[Event "World Chess Olympiad 2018"]
[Site "Batumi"]
[Date "2018.09.24"]
[Round "1"]
[Board "1"]
[WhiteFideId "404853"]
[White "McShane Luke J"]
[BlackFideId "10100792"]
[Black "Miguel Sergio"]
[Result "1/2-1/2"]
[LiveChessVersion "1.4.8"]
[BlackElo "2285"]
[WhiteElo "2672"]

1. e4 {[%clk 1:30:55]} e5 {[%clk 1:30:53]} 2. Nf3 {[%clk 1:31:20]} Nc6
{[%clk 1:31:18]} 3. Bc4 {[%clk 1:31:32]} Bc5 {[%clk 1:31:11]} 4. d3
{[%clk 1:31:46]} Nf6 {[%clk 1:31:10]} 5. O-O {[%clk 1:32:09]} d6 {[%clk 1:30:36]}
6. c3 {[%clk 1:32:19]} a6 {[%clk 1:27:28]} 7. Bb3 {[%clk 1:32:25]} O-O
{[%clk 1:25:14]} 8. Nbd2 {[%clk 1:32:16]} Be6 {[%clk 1:17:41]} 9. Re1
{[%clk 1:31:23]} Ba7 {[%clk 1:16:42]} 10. Nf1 {[%clk 1:31:03]} Nh5
{[%clk 1:12:37]} 11. Be3 {[%clk 1:14:10]} Qf6 {[%clk 1:03:22]} 12. d4
{[%clk 1:08:26]} Bg4 {[%clk 1:02:25]} 13. Rc1 {[%clk 1:01:31]} Na5
{[%clk 0:56:08]} 14. N1d2 {[%clk 0:47:28]} Nf4 {[%clk 0:52:27]} 15. Bc2
{[%clk 0:45:33]} c5 {[%clk 0:48:32]} 16. d5 {[%clk 0:39:06]} Rfc8
{[%clk 0:37:29]} 17. h3 {[%clk 0:34:25]} Bh5 {[%clk 0:35:51]} 18. c4
{[%clk 0:30:50]} g5 {[%clk 0:33:52]} 19. Kh2 {[%clk 0:24:39]} g4 {[%clk 0:33:03]}
20. hxg4 {[%clk 0:17:41]} Bxg4 {[%clk 0:33:23]} 21. Rh1 {[%clk 0:17:20]} Kh8
{[%clk 0:31:24]} 22. Kg1 {[%clk 0:16:34]} Rg8 {[%clk 0:29:00]} 23. Bxf4
{[%clk 0:14:37]} Qxf4 {[%clk 0:27:53]} 24. Bd3 {[%clk 0:14:51]} b5
{[%clk 0:20:11]} 25. g3 {[%clk 0:11:22]} bxc4 {[%clk 0:17:44]} 26. Be2
{[%clk 0:10:48]} Bxf3 {[%clk 0:14:57]} 27. Bxf3 {[%clk 0:09:15]} c3
{[%clk 0:12:44]} 28. bxc3 {[%clk 0:06:07]} c4 {[%clk 0:10:47]} 29. Kg2
{[%clk 0:06:18]} Rg7 {[%clk 0:07:22]} 30. Rh3 {[%clk 0:05:43]} Rb8
{[%clk 0:05:25]} 31. Qc2 {[%clk 0:04:28]} Qf6 {[%clk 0:04:43]} 32. Rch1
{[%clk 0:04:26]} Qd8 {[%clk 0:03:51]} 33. Nf1 {[%clk 0:01:16]} Rb5
{[%clk 0:03:08]} 34. Qd2 {[%clk 0:00:36]} Qb6 {[%clk 0:03:11]} 35. Bd1
{[%clk 0:00:38]} Rb2 {[%clk 0:03:10]} 36. Bc2 {[%clk 0:01:07]} Qxf2+
{[%clk 0:02:58]} 37. Qxf2 {[%clk 0:01:34]} Bxf2 {[%clk 0:03:19]} 38. Kxf2
{[%clk 0:01:28]} Rxc2+ {[%clk 0:03:39]} 39. Kf3 {[%clk 0:00:42]} Rxc3+
{[%clk 0:03:10]} 40. Ne3 {[%clk 0:31:11]} Ra3 {[%clk 0:31:46]} 41. R3h2
{[%clk 0:23:38]} f6 {[%clk 0:27:38]} 42. Rc2 {[%clk 0:18:13]} Rb7
{[%clk 0:15:07]} 43. Ke2 {[%clk 0:17:23]} c3 {[%clk 0:12:50]} 44. Rhc1
{[%clk 0:10:19]} Rb2 {[%clk 0:09:16]} 45. Kf3 {[%clk 0:10:47]} Rxc2
{[%clk 0:08:55]} 46. Rxc2 {[%clk 0:11:01]} h5 {[%clk 0:07:54]} 47. g4
{[%clk 0:07:52]} h4 {[%clk 0:05:51]} 48. g5 {[%clk 0:08:17]} Kg7 {[%clk 0:03:19]}
49. Nf5+ {[%clk 0:03:32]} Kg6 {[%clk 0:03:35]} 50. Nxd6 {[%clk 0:03:33]} fxg5
{[%clk 0:03:26]} 51. Kg4 {[%clk 0:04:00]} Ra4 {[%clk 0:03:03]} 1/2-1/2

[Event "World Chess Olympiad 2018"]
[Site "Batumi"]
[Date "2018.09.24"]
[Round "1"]
[Board "2"]
[WhiteFideId "10100091"]
[White "Soares Erikson Roberto Mauricio"]
[BlackFideId "410608"]
[Black "Howell David W L"]
[Result "0-1"]
[LiveChessVersion "1.4.8"]
[BlackElo "2689"]
[WhiteElo "2283"]

1. Nf3 {[%clk 1:30:59]} g6 {[%clk 1:30:17]} 2. g3 {[%clk 1:30:50]} Bg7
{[%clk 1:30:28]} 3. Bg2 {[%clk 1:31:08]} c5 {[%clk 1:29:42]} 4. c4
{[%clk 1:31:25]} Nc6 {[%clk 1:29:57]} 5. Nc3 {[%clk 1:31:33]} e6 {[%clk 1:25:37]}
6. O-O {[%clk 1:22:29]} Nge7 {[%clk 1:25:58]} 7. e3 {[%clk 1:16:26]} O-O
{[%clk 1:13:36]} 8. d4 {[%clk 1:16:48]} cxd4 {[%clk 1:06:25]} 9. Nxd4
{[%clk 1:16:57]} Nxd4 {[%clk 1:06:14]} 10. exd4 {[%clk 1:17:19]} d6
{[%clk 1:06:33]} 11. Bg5 {[%clk 1:08:36]} h6 {[%clk 1:03:24]} 12. Bxe7
{[%clk 1:05:17]} Qxe7 {[%clk 1:03:44]} 13. Qd2 {[%clk 1:05:08]} Rb8
{[%clk 1:02:53]} 14. d5 {[%clk 1:05:19]} e5 {[%clk 0:57:27]} 15. b4
{[%clk 0:48:53]} b6 {[%clk 0:48:35]} 16. c5 {[%clk 0:45:26]} bxc5
{[%clk 0:48:58]} 17. bxc5 {[%clk 0:45:55]} dxc5 {[%clk 0:46:43]} 18. d6
{[%clk 0:36:53]} Qd8 {[%clk 0:46:47]} 19. Na4 {[%clk 0:26:17]} Rb4
{[%clk 0:46:34]} 20. Nxc5 {[%clk 0:22:10]} Rd4 {[%clk 0:46:52]} 21. Qc3
{[%clk 0:20:35]} Qxd6 {[%clk 0:45:36]} 22. Rac1 {[%clk 0:19:36]} Bf5
{[%clk 0:41:33]} 23. Qa3 {[%clk 0:18:03]} Qe7 {[%clk 0:39:56]} 24. Qa5
{[%clk 0:18:05]} Rc8 {[%clk 0:35:14]} 25. Nb7 {[%clk 0:08:07]} e4
{[%clk 0:30:21]} 26. Qxf5 {[%clk 0:06:14]} Rxc1 {[%clk 0:30:00]} 0-1

[Event "World Chess Olympiad 2018"]
[Site "Batumi"]
[Date "2018.09.24"]
[Round "1"]
[Board "3"]
[WhiteFideId "409561"]
[White "Jones Gawain C B"]
[BlackFideId "10100253"]
[Black "Domingos Catarino"]
[Result "1-0"]
[LiveChessVersion "1.4.8"]
[BlackElo "2246"]
[WhiteElo "2677"]

1. e4 {[%clk 1:30:43]} e5 {[%clk 1:30:15]} 2. Nf3 {[%clk 1:31:03]} Nc6
{[%clk 1:30:35]} 3. d4 {[%clk 1:31:26]} exd4 {[%clk 1:30:38]} 4. Nxd4
{[%clk 1:31:48]} Bc5 {[%clk 1:23:40]} 5. Nxc6 {[%clk 1:32:10]} Qf6
{[%clk 1:22:46]} 6. Qf3 {[%clk 1:32:32]} bxc6 {[%clk 1:21:20]} 7. Nd2
{[%clk 1:32:53]} d6 {[%clk 1:18:58]} 8. Nb3 {[%clk 1:33:16]} Qxf3
{[%clk 1:17:44]} 9. gxf3 {[%clk 1:33:40]} Bb6 {[%clk 1:18:10]} 10. a4
{[%clk 1:33:57]} a5 {[%clk 1:18:22]} 11. Be3 {[%clk 1:34:17]} Bxe3
{[%clk 1:15:59]} 12. fxe3 {[%clk 1:34:41]} Ne7 {[%clk 1:15:19]} 13. O-O-O
{[%clk 1:33:08]} Be6 {[%clk 1:10:28]} 14. Nd4 {[%clk 1:31:23]} Bd7
{[%clk 1:09:51]} 15. Rg1 {[%clk 1:28:52]} g6 {[%clk 1:04:54]} 16. f4
{[%clk 1:24:17]} Rb8 {[%clk 0:43:02]} 17. Rg5 {[%clk 1:17:03]} c5
{[%clk 0:36:22]} 18. Nb5 {[%clk 1:16:17]} Bxb5 {[%clk 0:31:45]} 19. axb5
{[%clk 1:11:35]} Nc8 {[%clk 0:28:38]} 20. e5 {[%clk 1:06:07]} Ke7
{[%clk 0:24:35]} 21. h4 {[%clk 1:02:35]} h6 {[%clk 0:18:34]} 22. exd6+
{[%clk 0:57:59]} cxd6 {[%clk 0:18:29]} 23. Rgd5 {[%clk 0:58:19]} Rd8
{[%clk 0:17:44]} 24. h5 {[%clk 0:55:30]} Nb6 {[%clk 0:17:30]} 25. R5d2
{[%clk 0:55:52]} d5 {[%clk 0:11:47]} 26. Bg2 {[%clk 0:51:07]} gxh5
{[%clk 0:07:16]} 27. Bxd5 {[%clk 0:49:52]} Nxd5 {[%clk 0:03:35]} 28. Rxd5
{[%clk 0:50:15]} Rxd5 {[%clk 0:04:01]} 29. Rxd5 {[%clk 0:50:40]} Rxb5
{[%clk 0:04:24]} 30. Rxh5 {[%clk 0:50:49]} Rb6 {[%clk 0:04:30]} 31. Rxc5
{[%clk 0:50:26]} Ra6 {[%clk 0:04:25]} 32. b3 {[%clk 0:45:43]} Kf6
{[%clk 0:03:08]} 33. Kd2 {[%clk 0:43:54]} Kg6 {[%clk 0:03:24]} 34. e4
{[%clk 0:41:15]} a4 35. bxa4 {[%clk 0:40:52]} Rxa4 {[%clk 0:03:42]} 36. Ke3
{[%clk 0:40:41]} Ra3+ {[%clk 0:03:58]} 37. c3 {[%clk 0:40:07]} Ra1
{[%clk 0:03:57]} 38. Kf2 {[%clk 0:33:45]} Ra2+ {[%clk 0:03:32]} 39. Kg3
{[%clk 0:33:38]} Ra1 {[%clk 0:03:33]} 40. Rc6+ {[%clk 1:03:48]} Kg7
{[%clk 0:33:38]} 41. e5 {[%clk 0:53:38]} Re1 {[%clk 0:32:58]} 42. c4
{[%clk 0:52:12]} Rg1+ {[%clk 0:32:57]} 43. Kh3 {[%clk 0:47:47]} Rh1+
{[%clk 0:02:59]} 44. Kg2 {[%clk 0:47:31]} Rc1 {[%clk 0:03:18]} 45. c5
{[%clk 0:44:55]} Rc3 {[%clk 0:02:33]} 46. Kf2 {[%clk 0:44:33]} h5
{[%clk 0:02:21]} 47. f5 {[%clk 0:44:37]} h4 {[%clk 0:02:17]} 48. Rc7
{[%clk 0:44:10]} Kg8 {[%clk 0:01:39]} 49. c6 {[%clk 0:41:19]} h3 {[%clk 0:00:40]}
50. Kg1 {[%clk 0:41:10]} Rc2 {[%clk 0:00:39]} 51. Rc8+ {[%clk 0:41:16]} Kg7
{[%clk 0:00:37]} 52. c7 {[%clk 0:41:30]} Rg2+ {[%clk 0:00:35]} 53. Kh1
{[%clk 0:41:50]} Rc2 {[%clk 0:00:58]} 54. f6+ {[%clk 0:41:45]} 1-0

[Event "World Chess Olympiad 2018"]
[Site "Batumi"]
[Date "2018.09.24"]
[Round "1"]
[Board "4"]
[WhiteFideId "10101314"]
[White "Silva David"]
[BlackFideId "403989"]
[Black "Pert Nicholas"]
[Result "1/2-1/2"]
[LiveChessVersion "1.4.8"]
[BlackElo "2549"]
[WhiteElo "2223"]

1. e4 {[%clk 1:29:27]} c5 {[%clk 1:30:52]} 2. Nf3 {[%clk 1:29:18]} Nc6
{[%clk 1:31:14]} 3. d3 {[%clk 1:25:57]} g6 {[%clk 1:26:46]} 4. g3
{[%clk 1:15:52]} Bg7 {[%clk 1:26:40]} 5. Bg2 {[%clk 1:12:10]} Nf6
{[%clk 1:26:10]} 6. O-O {[%clk 1:12:11]} d5 {[%clk 1:25:04]} 7. Nbd2
{[%clk 1:11:19]} O-O {[%clk 1:24:41]} 8. h3 {[%clk 1:11:37]} e5 {[%clk 1:22:25]}
9. c3 {[%clk 1:09:19]} h6 {[%clk 1:19:43]} 10. Re1 {[%clk 1:08:43]} Re8
{[%clk 1:14:02]} 11. a3 {[%clk 1:05:12]} Be6 {[%clk 1:04:30]} 12. b4
{[%clk 1:04:25]} dxe4 {[%clk 1:01:30]} 13. dxe4 {[%clk 1:01:01]} Qc7
{[%clk 1:01:51]} 14. Qe2 {[%clk 0:59:52]} a6 {[%clk 0:58:58]} 15. Bb2
{[%clk 0:58:02]} b5 {[%clk 0:58:16]} 16. c4 {[%clk 0:51:38]} cxb4
{[%clk 0:46:59]} 17. cxb5 {[%clk 0:50:20]} bxa3 {[%clk 0:46:48]} 18. Rxa3
{[%clk 0:49:22]} axb5 {[%clk 0:46:50]} 19. Rxa8 {[%clk 0:49:17]} Rxa8
{[%clk 0:47:15]} 20. Rc1 {[%clk 0:49:37]} Qb6 {[%clk 0:39:33]} 21. Nxe5
{[%clk 0:47:48]} Nxe5 {[%clk 0:39:59]} 22. Bxe5 {[%clk 0:47:55]} Ra2
{[%clk 0:39:57]} 23. Bc7 {[%clk 0:41:54]} Qd4 {[%clk 0:39:02]} 24. Bf4
{[%clk 0:37:04]} b4 {[%clk 0:38:47]} 25. Be3 {[%clk 0:35:51]} Qd7
{[%clk 0:38:14]} 26. Qe1 {[%clk 0:30:46]} Bxh3 {[%clk 0:36:42]} 27. Bxh3
{[%clk 0:22:47]} Qxh3 {[%clk 0:37:06]} 28. Nf1 {[%clk 0:23:03]} b3
{[%clk 0:33:30]} 29. Qb4 {[%clk 0:22:54]} Qe6 {[%clk 0:22:14]} 30. Rb1
{[%clk 0:21:55]} Nxe4 {[%clk 0:21:31]} 31. Qxb3 {[%clk 0:21:48]} Qxb3
{[%clk 0:19:11]} 32. Rxb3 {[%clk 0:22:02]} Ra8 {[%clk 0:18:32]} 33. Kg2
{[%clk 0:21:44]} h5 {[%clk 0:18:32]} 34. Nh2 {[%clk 0:20:50]} Nd6
{[%clk 0:16:03]} 35. Bf4 {[%clk 0:21:09]} Bf8 {[%clk 0:13:29]} 36. Bxd6
{[%clk 0:21:05]} Bxd6 {[%clk 0:13:56]} 37. Rd3 {[%clk 0:21:00]} Ra6
{[%clk 0:14:15]} 38. Nf3 {[%clk 0:21:17]} Kg7 {[%clk 0:14:31]} 39. Rb3
{[%clk 0:21:20]} Ra2 {[%clk 0:14:02]} 40. Rd3 {[%clk 0:51:44]} Be7
{[%clk 0:43:38]} 41. Rd2 {[%clk 0:51:55]} Ra5 {[%clk 0:41:04]} 42. Rd4
{[%clk 0:50:28]} Bf6 {[%clk 0:41:22]} 43. Rc4 {[%clk 0:50:46]} Ra2
{[%clk 0:39:56]} 44. Rc5 {[%clk 0:50:14]} Be7 {[%clk 0:37:52]} 45. Rd5
{[%clk 0:50:31]} Kf6 {[%clk 0:38:04]} 46. Rd2 {[%clk 0:49:48]} Ra7
{[%clk 0:37:46]} 47. Rd5 {[%clk 0:50:00]} Rc7 {[%clk 0:36:37]} 48. Ng5
{[%clk 0:49:18]} Kg7 {[%clk 0:36:08]} 49. Nf3 {[%clk 0:49:11]} Bf6
{[%clk 0:36:27]} 50. Rb5 {[%clk 0:49:19]} Rc4 {[%clk 0:36:37]} 51. Rb7
{[%clk 0:49:41]} g5 {[%clk 0:36:21]} 52. Rd7 {[%clk 0:49:56]} Ra4
{[%clk 0:34:50]} 53. Rd5 {[%clk 0:49:48]} Kg6 {[%clk 0:34:04]} 54. Ne5+
{[%clk 0:49:14]} Kg7 {[%clk 0:32:14]} 55. Nf3 {[%clk 0:48:48]} Kg6
{[%clk 0:30:37]} 56. Ne5+ {[%clk 0:49:09]} Bxe5 {[%clk 0:31:03]} 57. Rxe5
{[%clk 0:49:28]} f6 {[%clk 0:31:22]} 58. Rb5 {[%clk 0:49:40]} Re4
{[%clk 0:30:36]} 59. Ra5 {[%clk 0:49:42]} Re5 {[%clk 0:30:56]} 60. Ra8
{[%clk 0:49:58]} g4 {[%clk 0:29:08]} 61. Rg8+ {[%clk 0:49:04]} Kf5
{[%clk 0:28:55]} 62. Rh8 {[%clk 0:49:28]} Ke6 {[%clk 0:28:16]} 63. Rh7
{[%clk 0:49:46]} Rg5 {[%clk 0:28:33]} 64. Kg1 {[%clk 0:49:54]} Kf5
{[%clk 0:28:54]} 65. Kg2 {[%clk 0:50:17]} Kg6 {[%clk 0:29:19]} 66. Rh8
{[%clk 0:50:42]} Rd5 {[%clk 0:29:35]} 67. Ra8 {[%clk 0:49:40]} Rd7
{[%clk 0:29:41]} 68. Rg8+ {[%clk 0:50:00]} Rg7 {[%clk 0:30:08]} 69. Rh8
{[%clk 0:50:25]} f5 {[%clk 0:30:28]} 70. Ra8 {[%clk 0:49:53]} Rf7
{[%clk 0:30:52]} 71. Rh8 {[%clk 0:49:44]} Rf6 {[%clk 0:27:49]} 72. Rg8+
{[%clk 0:49:10]} Kh7 {[%clk 0:28:13]} 73. Rg5 {[%clk 0:49:21]} Kh6
{[%clk 0:28:22]} 74. Rg8 {[%clk 0:49:46]} f4 {[%clk 0:27:24]} 75. Rh8+
{[%clk 0:43:26]} Kg5 {[%clk 0:27:46]} 76. Rg8+ {[%clk 0:43:21]} Kf5
{[%clk 0:27:31]} 77. f3 {[%clk 0:43:43]} Rf7 {[%clk 0:22:48]} 78. Rh8
{[%clk 0:42:49]} Kg5 {[%clk 0:21:53]} 79. Rg8+ {[%clk 0:43:09]} Kf5
{[%clk 0:21:59]} 80. Rh8 {[%clk 0:43:34]} Kg6 {[%clk 0:22:17]} 81. gxf4
{[%clk 0:43:37]} Rxf4 {[%clk 0:22:34]} 82. fxg4 {[%clk 0:44:01]} Rxg4+ 1/2-1/2

[Event "World Chess Olympiad 2018"]
[Site "Batumi"]
[Date "2018.09.24"]
[Round "1"]
[Board "1"]
[WhiteFideId "3301478"]
[White "Gemy Jose Daniel"]
[BlackFideId "2806851"]
[Black "Rodshtein Maxim"]
[Result "0-1"]
[LiveChessVersion "1.4.8"]
[BlackElo "2674"]
[WhiteElo "2400"]

1. e4 {[%clk 1:30:51]} c5 {[%clk 1:30:32]} 2. Nf3 {[%clk 1:30:38]} d6
{[%clk 1:30:32]} 3. c3 {[%clk 1:30:35]} Nf6 {[%clk 1:30:42]} 4. h3
{[%clk 1:30:46]} Nbd7 {[%clk 1:30:17]} 5. Bd3 {[%clk 1:29:27]} b6
{[%clk 1:29:34]} 6. O-O {[%clk 1:29:36]} Bb7 {[%clk 1:30:00]} 7. Re1
{[%clk 1:29:56]} Rc8 {[%clk 1:28:56]} 8. b3 {[%clk 1:20:43]} e6 {[%clk 1:23:41]}
9. a4 {[%clk 1:12:15]} Be7 {[%clk 1:20:34]} 10. Bb2 {[%clk 1:10:19]} O-O
{[%clk 1:19:04]} 11. Bc2 {[%clk 1:05:39]} Qc7 {[%clk 1:06:29]} 12. Na3
{[%clk 1:01:39]} Qb8 {[%clk 1:05:03]} 13. a5 {[%clk 1:01:07]} bxa5
{[%clk 1:01:40]} 14. Nc4 {[%clk 0:51:36]} d5 {[%clk 0:40:08]} 15. exd5
{[%clk 0:32:12]} Bxd5 {[%clk 0:40:09]} 16. Ne3 {[%clk 0:30:13]} Bd8
{[%clk 0:24:06]} 17. c4 {[%clk 0:28:08]} Bc6 {[%clk 0:21:49]} 18. Bc3
{[%clk 0:23:37]} a4 {[%clk 0:20:15]} 19. bxa4 {[%clk 0:22:17]} Qf4
{[%clk 0:19:50]} 20. Nh2 {[%clk 0:19:04]} Ne4 {[%clk 0:18:54]} 21. Bxe4
{[%clk 0:18:21]} Qxe4 {[%clk 0:19:12]} 22. d4 cxd4 {[%clk 0:18:25]} 23. Qxd4
{[%clk 0:14:58]} Qg6 {[%clk 0:15:01]} 24. Qg4 {[%clk 0:09:56]} Qh6
{[%clk 0:12:48]} 25. Qe2 {[%clk 0:04:17]} Qg6 {[%clk 0:08:15]} 26. Qg4
{[%clk 0:04:15]} a6 {[%clk 0:07:51]} 27. Bb4 {[%clk 0:02:48]} Re8
{[%clk 0:07:00]} 28. Nf5 {[%clk 0:03:01]} Rb8 {[%clk 0:06:45]} 29. Bd6
{[%clk 0:02:37]} Rb2 {[%clk 0:05:00]} 30. Ba3 {[%clk 0:02:14]} Rb8
{[%clk 0:03:21]} 31. Bd6 {[%clk 0:01:59]} Ra8 {[%clk 0:02:49]} 32. Nd4
{[%clk 0:01:47]} Rc8 {[%clk 0:03:08]} 33. c5 {[%clk 0:00:39]} Bf6
{[%clk 0:02:18]} 34. Nxc6 {[%clk 0:00:45]} Rxc6 {[%clk 0:02:14]} 35. Qf3
{[%clk 0:00:56]} Rec8 {[%clk 0:02:18]} 36. Rab1 {[%clk 0:01:22]} h6
{[%clk 0:02:05]} 37. Qe2 {[%clk 0:00:33]} a5 {[%clk 0:01:08]} 38. Rb5
{[%clk 0:00:31]} Nxc5 {[%clk 0:01:19]} 39. Bxc5 {[%clk 0:00:31]} Rxc5
{[%clk 0:01:42]} 40. Nf3 {[%clk 0:30:36]} Qf5 {[%clk 0:31:46]} 41. Rxc5
{[%clk 0:24:27]} Rxc5 {[%clk 0:31:55]} 42. Qa6 {[%clk 0:24:13]} Qd5
{[%clk 0:28:59]} 43. Rb1 {[%clk 0:23:45]} Kh7 {[%clk 0:26:04]} 44. Rb5
{[%clk 0:20:28]} Rc1+ {[%clk 0:22:29]} 45. Kh2 {[%clk 0:20:52]} Qe4
{[%clk 0:18:18]} 46. Qd6 {[%clk 0:20:34]} Qxa4 {[%clk 0:10:29]} 47. Rb7
{[%clk 0:16:46]} Rd1 {[%clk 0:09:09]} 48. Qc7 {[%clk 0:16:24]} e5
{[%clk 0:07:18]} 49. Qc3 {[%clk 0:10:05]} Qf4+ {[%clk 0:04:50]} 50. g3
{[%clk 0:10:31]} Qe4 {[%clk 0:05:09]} 51. Rb3 {[%clk 0:09:17]} Qe2
{[%clk 0:05:02]} 52. Rb2 {[%clk 0:09:07]} Qf1 {[%clk 0:04:10]} 53. Qc2+
{[%clk 0:09:33]} g6 0-1

[Event "World Chess Olympiad 2018"]
[Site "Batumi"]
[Date "2018.09.24"]
[Round "1"]
[Board "2"]
[WhiteFideId "2809052"]
[White "Nabaty Tamir"]
[BlackFideId "3303187"]
[Black "Aguilar Luis Miguel"]
[Result "1-0"]
[LiveChessVersion "1.4.8"]
[BlackElo "2203"]
[WhiteElo "2692"]

1. e4 {[%clk 1:30:54]} d6 {[%clk 1:30:34]} 2. d4 {[%clk 1:31:15]} Nf6
{[%clk 1:30:47]} 3. Nc3 {[%clk 1:31:38]} Nbd7 {[%clk 1:30:47]} 4. Nf3
{[%clk 1:31:35]} e5 {[%clk 1:30:43]} 5. Bc4 {[%clk 1:31:53]} Be7 {[%clk 1:31:03]}
6. O-O {[%clk 1:32:05]} h6 {[%clk 1:30:11]} 7. a4 {[%clk 1:31:18]} c6
{[%clk 1:29:58]} 8. a5 {[%clk 1:29:43]} g5 {[%clk 1:14:25]} 9. Be3
{[%clk 1:26:47]} Qc7 {[%clk 1:13:36]} 10. d5 {[%clk 1:21:19]} Nf8
{[%clk 1:01:15]} 11. b4 {[%clk 1:15:50]} Ng6 {[%clk 0:31:50]} 12. a6
{[%clk 0:55:26]} O-O {[%clk 0:27:04]} 13. axb7 {[%clk 0:53:56]} Bxb7
{[%clk 0:27:07]} 14. dxc6 {[%clk 0:53:35]} Qxc6 {[%clk 0:14:22]} 15. Nd2
{[%clk 0:49:51]} a6 {[%clk 0:11:28]} 16. f3 {[%clk 0:45:40]} Nf4 {[%clk 0:05:37]}
17. g3 {[%clk 0:44:54]} d5 {[%clk 0:00:35]} 18. gxf4 {[%clk 0:38:27]} dxc4
{[%clk 0:00:50]} 19. fxe5 {[%clk 0:38:34]} Bxb4 {[%clk 0:00:32]} 20. Ne2
{[%clk 0:36:36]} Nd7 {[%clk 0:00:32]} 21. c3 {[%clk 0:36:09]} Bc5
{[%clk 0:00:39]} 22. Nd4 {[%clk 0:36:31]} Qc7 {[%clk 0:00:40]} 23. f4
{[%clk 0:35:17]} gxf4 {[%clk 0:00:31]} 24. Bxf4 {[%clk 0:30:37]} Kh7
{[%clk 0:00:33]} 25. e6 {[%clk 0:27:07]} Rg8+ {[%clk 0:00:34]} 26. Kh1
{[%clk 0:27:32]} Qb6 {[%clk 0:00:38]} 27. Qh5 {[%clk 0:27:31]} Rg6
{[%clk 0:00:32]} 28. Bxh6 {[%clk 0:27:00]} Nf6 {[%clk 0:00:33]} 29. Rxf6
{[%clk 0:27:23]} Rxf6 {[%clk 0:00:31]} 30. Bg5+ {[%clk 0:27:33]} Kg7
{[%clk 0:00:50]} 31. Bxf6+ {[%clk 0:27:46]} Kxf6 {[%clk 0:01:14]} 32. Rf1+ 1-0

[Event "World Chess Olympiad 2018"]
[Site "Batumi"]
[Date "2018.09.24"]
[Round "1"]
[Board "3"]
[WhiteFideId "3304094"]
[White "Bolanos Fernando"]
[BlackFideId "2802007"]
[Black "Sutovsky Emil"]
[Result "0-1"]
[LiveChessVersion "1.4.8"]
[BlackElo "2633"]
[WhiteElo "2215"]

1. e4 {[%clk 1:30:47]} c5 {[%clk 1:30:55]} 2. Nf3 {[%clk 1:30:56]} Nc6
{[%clk 1:31:19]} 3. d4 {[%clk 1:30:33]} cxd4 {[%clk 1:31:45]} 4. Nxd4
{[%clk 1:30:53]} Nf6 {[%clk 1:32:13]} 5. Nc3 {[%clk 1:30:58]} d6 {[%clk 1:32:41]}
6. Bg5 {[%clk 1:27:09]} e6 {[%clk 1:33:05]} 7. f4 {[%clk 1:27:18]} Qb6
{[%clk 1:28:23]} 8. Nb3 {[%clk 1:10:01]} a5 {[%clk 1:18:36]} 9. a4
{[%clk 0:55:56]} Bd7 {[%clk 1:13:30]} 10. Qf3 {[%clk 0:50:52]} Nb4
{[%clk 1:11:40]} 11. O-O-O {[%clk 0:49:24]} Rc8 {[%clk 1:12:04]} 12. Rd2
{[%clk 0:46:23]} Nxc2 {[%clk 1:04:56]} 13. Bb5 {[%clk 0:43:42]} Bxb5
{[%clk 0:58:07]} 14. Rxc2 {[%clk 0:44:03]} Bc6 {[%clk 0:52:07]} 15. Nb5
{[%clk 0:16:58]} Nxe4 {[%clk 0:50:23]} 16. Qxe4 {[%clk 0:14:49]} Bxe4
{[%clk 0:50:44]} 17. Rxc8+ {[%clk 0:15:15]} Kd7 {[%clk 0:51:11]} 18. Rd8+
{[%clk 0:11:38]} Qxd8 {[%clk 0:50:11]} 19. Bxd8 {[%clk 0:12:01]} Kxd8
{[%clk 0:50:31]} 20. Nxa5 {[%clk 0:10:16]} Bxg2 {[%clk 0:49:04]} 21. Rg1
{[%clk 0:08:11]} Bd5 {[%clk 0:48:52]} 22. Nc3 {[%clk 0:08:19]} b6
{[%clk 0:48:59]} 23. Nxd5 {[%clk 0:05:19]} bxa5 {[%clk 0:49:23]} 24. Nc3
{[%clk 0:04:31]} g6 {[%clk 0:48:36]} 25. Nb5 {[%clk 0:02:25]} Bh6
{[%clk 0:44:33]} 26. Rf1 {[%clk 0:01:41]} Kd7 {[%clk 0:44:14]} 27. Kc2
{[%clk 0:00:55]} Rc8+ {[%clk 0:44:42]} 28. Kd3 {[%clk 0:00:43]} Bg7
{[%clk 0:44:28]} 29. Rb1 {[%clk 0:00:43]} d5 {[%clk 0:44:16]} 30. b3
{[%clk 0:00:47]} Bf8 {[%clk 0:43:39]} 31. Rf1 {[%clk 0:00:37]} Bb4
{[%clk 0:43:53]} 32. Rf2 {[%clk 0:00:37]} Rc1 {[%clk 0:44:09]} 33. Nd4
{[%clk 0:00:34]} Rd1+ {[%clk 0:44:30]} 0-1

[Event "World Chess Olympiad 2018"]
[Site "Batumi"]
[Date "2018.09.24"]
[Round "1"]
[Board "4"]
[WhiteFideId "2801990"]
[White "Smirin Ilia"]
[BlackFideId "3303144"]
[Black "Pinto Daniel"]
[Result "1-0"]
[LiveChessVersion "1.4.8"]
[BlackElo "2131"]
[WhiteElo "2594"]

1. e4 {[%clk 1:30:55]} e5 {[%clk 1:30:52]} 2. Nf3 {[%clk 1:30:55]} Nc6
{[%clk 1:31:13]} 3. Bc4 {[%clk 1:30:46]} Nf6 {[%clk 1:31:29]} 4. d3
{[%clk 1:30:29]} Be7 {[%clk 1:30:49]} 5. O-O {[%clk 1:27:29]} O-O
{[%clk 1:29:56]} 6. c3 {[%clk 1:25:39]} d6 {[%clk 1:29:24]} 7. a4
{[%clk 1:23:26]} Kh8 {[%clk 1:26:22]} 8. Nbd2 {[%clk 1:21:01]} Ng8
{[%clk 1:22:19]} 9. d4 {[%clk 1:18:41]} f5 {[%clk 1:15:19]} 10. dxe5
{[%clk 1:17:33]} Nxe5 {[%clk 1:09:48]} 11. Nxe5 {[%clk 1:15:50]} dxe5
{[%clk 1:10:11]} 12. Nf3 {[%clk 1:11:08]} Qe8 {[%clk 0:50:21]} 13. exf5
{[%clk 1:04:25]} Bxf5 {[%clk 0:44:13]} 14. Nxe5 {[%clk 1:03:42]} Bd6
{[%clk 0:44:30]} 15. f4 {[%clk 0:59:43]} Bxe5 {[%clk 0:42:45]} 16. fxe5
{[%clk 0:59:29]} Qxe5 {[%clk 0:41:09]} 17. Bf4 {[%clk 0:59:00]} Qc5+
{[%clk 0:25:24]} 18. Qd4 {[%clk 0:59:23]} Qxd4+ {[%clk 0:25:44]} 19. cxd4
{[%clk 0:59:50]} c6 {[%clk 0:21:05]} 20. d5 {[%clk 0:53:24]} cxd5
{[%clk 0:11:37]} 21. Bxd5 {[%clk 0:52:57]} Rae8 {[%clk 0:10:17]} 22. Bxb7
{[%clk 0:50:35]} Bd3 {[%clk 0:06:35]} 23. Rf2 {[%clk 0:50:41]} h6
{[%clk 0:06:13]} 24. b4 {[%clk 0:46:10]} Be4 {[%clk 0:04:18]} 25. Ba6
{[%clk 0:44:49]} Re6 {[%clk 0:04:16]} 26. Bc4 {[%clk 0:40:32]} Rc6
{[%clk 0:03:03]} 27. Bf1 {[%clk 0:39:06]} Nf6 {[%clk 0:01:58]} 28. b5
{[%clk 0:38:28]} Re6 {[%clk 0:02:20]} 29. h3 {[%clk 0:33:10]} Bd5
{[%clk 0:01:53]} 30. Rd2 {[%clk 0:31:00]} Bb7 {[%clk 0:01:25]} 31. Bh2
{[%clk 0:24:35]} Rc8 {[%clk 0:01:12]} 32. Rad1 {[%clk 0:24:00]} Rc3
{[%clk 0:00:32]} 33. a5 {[%clk 0:23:20]} Be4 {[%clk 0:00:32]} 34. a6
{[%clk 0:22:33]} Kh7 {[%clk 0:00:36]} 35. Bb8 {[%clk 0:22:25]} Re7
{[%clk 0:01:00]} 36. Re1 {[%clk 0:22:09]} Rc8 {[%clk 0:01:17]} 37. Bg3
{[%clk 0:22:06]} Rf7 {[%clk 0:01:26]} 38. Be5 {[%clk 0:21:35]} Bf5
{[%clk 0:00:36]} 39. Rf2 {[%clk 0:19:30]} Bg6 {[%clk 0:00:33]} 40. Bd4
{[%clk 0:49:35]} Rd8 {[%clk 0:30:40]} 41. Rf4 {[%clk 0:49:15]} Rdd7
{[%clk 0:27:08]} 42. b6 {[%clk 0:48:24]} axb6 {[%clk 0:26:29]} 43. Bxb6
{[%clk 0:48:43]} Bd3 {[%clk 0:26:53]} 44. a7 {[%clk 0:47:50]} 1-0